Tiebacks for bulkheads : proceedings of a session /

Bibliographic Details
Corporate Authors: American Society of Civil Engineers. Geotechnical Engineering Division, ASCE National Convention
Other Authors: McMahon, Donald R.
Format: Conference Proceeding Book
Language:English
Published: New York, N.Y. : American Society of Civil Engineers, [1986]
Series:Geotechnical special publication ; no. 4.
Subjects:

MARC

Tag First Indicator Second Indicator Subfields
LEADER 00000cam a2200000 a 4500
001 in00000412582
005 20151012052916.0
008 860520s1986 nyua b 10100 eng d
010 |a  86070302  
020 |z 0872625251 
035 |a (OCoLC)13589775 
035 |9 ABU2430AM 
040 |a TXA  |c TXA  |d CLE  |d TXA  |d UtOrBLW 
049 |a TXAM  |c [A09413639] 
090 |a TA772  |b .T53 1986 
245 0 0 |a Tiebacks for bulkheads :  |b proceedings of a session /  |c sponsored by the Geotechnical Engineering Division of the American Society of Civil Engineers in conjunction with the ASCE Convention in Seattle, Washington, April 7, 1986 ; edited by Donald R. McMahon. 
264 1 |a New York, N.Y. :  |b American Society of Civil Engineers,  |c [1986] 
264 4 |c ©1986 
300 |a v, 90 pages :  |b illustrations ;  |c 22 cm. 
336 |a text  |b txt  |2 rdacontent 
337 |a unmediated  |b n  |2 rdamedia 
338 |a volume  |b nc  |2 rdacarrier 
490 1 |a Geotechnical special publication ;  |v no. 4 
504 |a Includes bibliographical references and indexes. 
650 0 |a Anchorage (Structural engineering)  |x Congresses. 
700 1 |a McMahon, Donald R. 
710 2 |a American Society of Civil Engineers.  |b Geotechnical Engineering Division. 
711 2 |a ASCE National Convention  |d (1986 :  |c Seattle, Wash.) 
830 0 |a Geotechnical special publication ;  |v no. 4. 
999 |a MARS 
999 f f |s 072f5e50-28e9-3c0c-9165-5cf38cc3aebb  |i 5019bea7-c5b5-39e8-9e3c-2b64c823cbc1  |t 0 
952 f f |p ric  |a Texas A&M University  |b Rellis Campus  |c Joint Library Facility  |d Remote Storage  |t 0  |e TA772 .T53 1986  |h Library of Congress classification  |i unmediated -- volume  |m A14809413639 
998 f f |a TA772 .T53 1986  |t 0  |l Remote Storage